Adobe Photoshop 5.5 và Image Ready 2.0 : Giáo trình tin học ứng dụng:

Adobe photoshop 5.5 trình bày các kỹ thuật xử lý ảnh cao cấp, hỗ trợ chương trình dàn trang và tách màu điện tử. Adobe ImageReady 2.0 với các kỹ thuật tối ưu ảnh, tạo hoạt hình, chia ảnh thành các slice...

Na minha lista:
Detalhes bibliográficos
Autor principal: Nguyễn, Việt Dũng
Formato: Livro
Idioma:Undetermined
Publicado em: Hà Nội Giáo Dục 2000
Assuntos:
Tags: Adicionar Tag
Sem tags, seja o primeiro a adicionar uma tag!
Thư viện lưu trữ: Trung tâm Học liệu Trường Đại học Cần Thơ
LEADER 01047nam a2200241Ia 4500
001 CTU_39997
008 210402s9999 xx 000 0 und d
020 |b 78.000đ 
020 |c 78000 
082 |a 006.68 
082 |b D513 
100 |a Nguyễn, Việt Dũng 
245 0 |a Adobe Photoshop 5.5 và Image Ready 2.0 : 
245 0 |b Giáo trình tin học ứng dụng: 
245 0 |c Nguyễn Việt Dũng ( chủ biên ), Nguyễn Vân Dung, Hoàng Đức Hải 
260 |a Hà Nội 
260 |b Giáo Dục 
260 |c 2000 
520 |a Adobe photoshop 5.5 trình bày các kỹ thuật xử lý ảnh cao cấp, hỗ trợ chương trình dàn trang và tách màu điện tử. Adobe ImageReady 2.0 với các kỹ thuật tối ưu ảnh, tạo hoạt hình, chia ảnh thành các slice... 
650 |a Application software,Computer graphics 
650 |x Computer programs 
904 |i Minh, Qhieu 
980 |a Trung tâm Học liệu Trường Đại học Cần Thơ